| 000 | 01122pam a2200277 a 4500 | ||
|---|---|---|---|
| 001 | 1965394 | ||
| 005 | 20240429112434.0 | ||
| 008 | 880629s1989 nyua b 001 0 eng | ||
| 010 | _a 88022699 | ||
| 020 | _a0824780027 (alk. paper) | ||
| 040 |
_aDLC _cDLC _dDLC |
||
| 050 | 0 | 0 |
_aTS156.2 _b.R62 1989 |
| 082 | 0 | 0 |
_a670.425 _219 _bROB |
| 100 | 1 |
_aRobinson, Stanley L. _9122513 |
|
| 245 | 1 | 0 |
_aAutomated inspection and quality assurance / _cStanley L. Robinson, Richard K. Miller. |
| 260 |
_aNew York : _bM. Dekker ; _aMilwaukee : _bASQC Quality Press, _cc1989. |
||
| 300 |
_axii, 256 p. : _bill. ; _c24 cm. |
||
| 440 | 0 |
_aQuality and reliability ; _v16 _999579 |
|
| 504 | _aIncludes bibliographies and index. | ||
| 650 | 0 |
_aEngineering inspection _xAutomation. _9122514 |
|
| 700 | 1 |
_aMiller, Richard K. _q(Richard Kendall), _d1946- _9122515 |
|
| 856 | 4 | 2 |
_3Publisher description _uhttp://www.loc.gov/catdir/enhancements/fy0647/88022699-d.html |
| 906 |
_a7 _bcbc _corignew _d1 _eocip _f19 _gy-gencatlg |
||
| 942 |
_2ddc _cBK |
||
| 999 |
_c608995 _d608995 |
||